| 000 | 00491nam a2200193Ia 4500 | ||
|---|---|---|---|
| 008 | 230125s9999 xx 000 0 und d | ||
| 041 | _aeng | ||
| 082 |
_a658.1511 _bICF |
||
| 100 | _aICFAI | ||
| 245 | _aManagement Accounting : Work Book | ||
| 250 | _a1st Ed. | ||
| 260 |
_bICFAI publication _aHyderabad |
||
| 300 | _a211p | ||
| 440 | _aICFAI | ||
| 500 | _aManagement accounting ,ACC | ||
| 500 | _aManagement accounting;ICFAI Series Book | ||
| 650 | _aAccounting | ||
| 700 | _aICFAI | ||
| 999 |
_c93546 _d93546 |
||